000 00594nam a2200229Ia 4500
003 OSt
005 20220924143549.0
006 a|||||r|||| 00| 0
007 ta
008 220923b |||||||| |||| 00| 0 urd d
024 _a309007
037 _cTextual
040 _aARTS
_cARTS
_burd
041 _2urd
_aurd
082 _aO152,2x, 168P5
100 _aFarooqi Moizuddin Ahmad
_9216315
245 0 _aHindi drame
260 _c2005
650 _aHINDI LITERATURE
_923866
942 _hO152,2x, 168P5
_cTEXL
_2CC
999 _c455023
_d455023